Consumer Behavior / (Record no. 4893)
[ view plain ]
| 000 -LEADER | |
|---|---|
| fixed length control field | 00725nam a2200277 a 4500 |
| 001 - CONTROL NUMBER | |
| JCCL Control Number | 4893 |
| 003 - CONTROL NUMBER IDENTIFIER | |
| JCCL marc code | BD-JhCC |
| 005 - DATE AND TIME OF LATEST TRANSACTION | |
| control field | 20180417181608.0 |
| 008 - FIXED-LENGTH DATA ELEMENTS--GENERAL INFORMATION | |
| fixed length control field | 171205s2002 ii a|||| || | 001 0 eng d |
| 020 ## - INTERNATIONAL STANDARD BOOK NUMBER | |
| International Standard Book Number | 8120320700 |
| 035 ## - SYSTEM CONTROL NUMBER | |
| system control number | (BD-JhCC)4893 |
| 040 ## - CATALOGING SOURCE | |
| Original cataloging agency | BD-JhCC |
| Modifying agency | BD-JhCC |
| 041 ## - LANGUAGE CODE | |
| Language code of Book | eng |
| 082 ## - DEWEY DECIMAL CLASSIFICATION NUMBER | |
| Classification number | 658.8342 |
| Author mark and Year | SCH 2002 |
| 100 ## - MAIN ENTRY--PERSONAL NAME | |
| Personal name | Schiffman, Leon G. |
| 245 ## - TITLE STATEMENT | |
| Title | Consumer Behavior / |
| Statement of responsibility, etc | Leon G. Schiffman, Leslie Lazar Kanuk |
| 250 ## - EDITION STATEMENT | |
| Edition statement | 7th ed. |
| 260 ## - PUBLICATION, DISTRIBUTION, ETC. (IMPRINT) | |
| Place of publication, distribution, etc | New Delhi : |
| Name of publisher, distributor, etc | Prentice-Hall of India, |
| Date of publication, distribution, etc | 2002. |
| 300 ## - PHYSICAL DESCRIPTION | |
| Pagination | 469 p. : |
| Dimensions | 25 cm. |
| 650 ## - SUBJECT ADDED ENTRY--TOPICAL TERM | |
| Topical term or geographic name as entry element | Consumer behavior |
| 650 ## - SUBJECT ADDED ENTRY--TOPICAL TERM | |
| Topical term or geographic name as entry element | Motivation research |
| 650 ## - SUBJECT ADDED ENTRY--TOPICAL TERM | |
| Topical term or geographic name as entry element | Marketing |
| 700 ## - ADDED ENTRY--PERSONAL NAME | |
| Personal name | Kanuk, Leslie Lazar |
| 942 ## - ADDED ENTRY ELEMENTS (KOHA) | |
| Source of classification or shelving scheme | Dewey Decimal Classification |
| Koha item type | Books |
| Source of classification or shelving scheme | Damaged status | Not for loan | Home library | Current library | Shelving location | Date of accession | Total Checkouts | Full call number | Barcode | Date last seen | Copy number | Koha item type |
|---|---|---|---|---|---|---|---|---|---|---|---|---|
| Dewey Decimal Classification | JCC Rouf Library | JCC Rouf Library | General Stacks | 12/05/2017 | 658.8342 SCH 2002 | 6661 | 12/05/2017 | C- 1 | Books |